000 00936cam#a2200325 a 4500
001 58616
003 CO-BoRNBP
005 20250827150945.0
007 ta
008 051121s1998 ck a gr 000 j spak
020 _a8420443778
040 _aCO-ArBCA
_bspa
_dCO-BoBN
_c-
041 1 _aspa
082 0 4 _a823.914
_223
084 _a-
092 _aAzul A549m
100 1 _aAnderson, Rachel
_963668
245 1 4 _aLos mejores amigos /
_cRachel Anderson ; ilustraciones de Shelagh McNicholas ; traducción de P. Rozarena
250 _a7a. ed.
300 _a62 p. :
_bil.
336 _2rdacontent
_atexto
_btxt
337 _2rdamedia
_asin mediación
_bn
338 _2rdacarrier
_avolumen
_bnc
490 0 _aInfantil
650 1 4 _aCuento ingleses
_ySiglo XX
_2LEMB
_963669
650 _aCuentos infantiles ingleses
_2LEMB
_915884
700 1 _aMcNicholas, Shelagh
_963670
700 1 _aRozarena, P,
_etr.
_963001
942 _2ddc
_cBK
999 _c58616
_d58616